| 000 | 00464nam a22001811a 4500 | ||
|---|---|---|---|
| 001 | 6774 | ||
| 003 | OSt | ||
| 005 | 20260204212103.0 | ||
| 008 | 060721s1972||||ag ||||||b||||||||||spa|| | ||
| 050 | _a320.01 B667p | ||
| 100 | _aBourgeois, Bernad | ||
| 245 | _aEl pensamiento político de Hegel / Bernad Bourgeois | ||
| 264 | _aArgentina : Amorrartu | ||
| 300 | _a158 p | ||
| 500 | _aIndice y bibliografía | ||
| 650 | _a1.Filosofía y TeoríaÌ | ||
| 942 |
_2ddc _cBK |
||
| 999 |
_c6774 _d6774 |
||